000 00864cam a22002771 4500
001 11811
003 BD-RjUL
005 20211208235203.0
008 140127r19641962nyua 001 0 eng
035 _a(BD-RjUL)11860
040 _aDLC
_cDLC
_dBD-RjUL
_beng
041 _aeng
082 0 0 _a574.19
_bUDF 1964
100 1 _aUdenfriend, Sidney,
_d1918-1999.
_936588
245 1 0 _aFluorescence assay in biology and medicine /
_cSidney Udenfriend.
260 _aNew York :
_bAcademic Press,
_cc1962 [Printing 1964].
300 _axii, 517 p. :
_billus. ;
_c24 cm.
490 1 _aMolecular biology; an international series of monographs and textbooks,
_vv. 3
504 _aIncludes index.
650 0 _aFluorimetry.
_932067
830 0 _vv. 3.
_936604
830 0 _aMolecular biology ;
_936605
942 _2ddc
_cBK
999 _c11811
_d11811